Представление документа в формате RUSMARC

ПолеНазваниеЗначение
  Тип записи a
  Библиографический уровень m
001 Контрольный номер RU/ГПНТБ России/IBIS/84(2=411.2)6/Х 32-073021389
005 Дата корректировки 20260609091036.8
010 Индекс ISBN __
a ISBN 978-5-222-41832-1
b Уточнения в пер.
9 Тираж 5000
100 Данные общей обработки __
a Данные общей обработки 20260609d2025 cc y0rusy0250 ca
101 Язык документа 0_
a Язык текста rus
102 Страна публикации __
a Страна публикации RU
105 Кодированные данные (монография) __
a Кодированные данные (монография) a z 000ay
181 Поле кодированных данных: вид содержания _0
a Код вида содержания (ISBD) i
b Код характеристики содержания (ISBD) e
182 Поле кодированных данных: тип средства _0
a Код типа средства (ISBD) n
200 Заглавие и сведения об ответственности 1_
a Заглавие Путешествие в Подкроватье
f Первые сведения об ответственности Александра Хворост
g Последующие сведения об ответственности иллюстрации Анастрасии Гусаровой
203 Вид содержания и тип средства __
c Тип средства непосредственный
a Вид содержания Текст
b Характеристика содержания визуальный
210 Выходные данные 1_
a Место издания Pостов-на-Дону
c Издательство Феникс
c Издательство Феникс-Премьер
d Дата издания 2025
215 Физическое описание __
a Объем 69, [2] с.
c Иллюстрации/тип воспроизводства цв. ил.
d Формат 27 см
225 Серия 2_
a Серия Открой книгу
333 Примечание о целевом назначении __
a Примечание о целевом назначении информационная продукция для детей, не достигших возраста шести лет
333 Примечание о целевом назначении __
a Примечание о целевом назначении для детей от 5 до 7 лет
333 Примечание о целевом назначении __
a Примечание о целевом назначении для детей от 8 до 10 лет
610 Ключевые слова 1_
a Ключевые слова детская литература
610 Ключевые слова 1_
a Ключевые слова проза для детей
610 Ключевые слова 1_
a Ключевые слова детская дружба
610 Ключевые слова 1_
a Ключевые слова сказочные истории
610 Ключевые слова 1_
a Ключевые слова детские приключения
610 Ключевые слова 1_
a Ключевые слова сказочные существа
610 Ключевые слова 1_
a Ключевые слова поучительные истории
610 Ключевые слова 1_
a Ключевые слова семейные ценности
686 Индексы других классификаций __
2 Код системы rubbk
a Классификационный индекс 84(2=411.2)6
700 Автор _1
a Фамилия Хворост
b Имя А. Ю.
g Полное личное имя Александра Юрьевна
f Даты 1981-
4 Код отношения 070
702 Вторичная интеллектуальная ответственность _1
a Фамилия Гусарова
b Имя А. А.
g Полное личное имя Анастасия Александровна
4 Код отношения 440
801 Источник записи _0
b Организация ГПНТБ России
a Страна RU
c Дата составления 20260609
801 Источник записи _1
b Организация ГПНТБ России
a Страна RU
c Дата составления 20260609
852 Данные о местонахождении 5_
a Наименование организации ГПНТБ России
m Суффикс шифра хранения 1106091
b Сигла хранения ЦГБ
j Шифр хранения 84(2=411.2)6
p Инвентарный номер RU
899 Данные о местонахождении __
a Местонахождение ГПНТБ России
p Штрих-код 1106091
b Место хранения ЦГБ
h Классификационная часть РШ 84(2=411.2)6
i Авторский знак Х 32
901 Тип документа __
a Ответственный заим.